000 04163nam a22003617a 4500
999 _c21792
_d21792
003 AR-CdUCM
008 190425b ||||| |||| 00| 0 spa d
040 _aMUNICIPALIDAD PROVINCIAL DEL CUSCO
_cBIBLIOTECA MUNICIPAL DEL CUSCO
082 _aRev.IAAC/N°7/1954
110 _aInstituto Americano de Arte del Cuzco
_943770
245 _aRevista del Instituto Americano de Arte /
260 _aCusco :
_bH.G. Rozas,
_c1952.
300 _a380 [6] páginas. :
_bilustraciones, laminas ;
_c24 cm.
440 _aRevista del Instituto Americano de Arte Cuzco.
_nAño VII, [?] semestre de 1954, N°7. Vol.II
_946124
505 _aContenido: La intangibilidad de las toponimias aborígenes. M. B. Farfán. -- Significado del Cuzco. Mario Escobar Moscoso. -- El problema de la renovación educacional y la educación experimental. José Portugal. -- Educación fundamental. Víctor Manuel Moreno Morales. -- Las clases sociales en el imperio incaico. Hermann Trimborn. -- La angustia el existencialismo y América Latina. Fernando Manrique. -- El Santuario de Nuestra Señora de Cocharcas. Julio G. Gutiérrez. -- Arte Franciscano en el Perú. Harold E. Wethey. -- La Catedral de Cajamarca. Horacio Villanueva Urteaga. -- La incanidad del Ollantay. Alfredo Yépez Miranda. -- Dos mujeres pasionales. Margarita Mendizábal. -- Oblación a tres amigos muertos. Carlos Gregorio Taborga. -- Cesar vallejo. Roman Saavedra. -- Pórtico. Eustaquio Kallata. -- Jardín Opalescente. Alberto Delgado Díaz. -- Tríptico Calca Urubamba y Paucartambo. Luis Felipe Paredes. -- Estampas del Cuzco el ultimo altar y semblanza del Corpus. Pancho Fierro. -- Los Ayarachis de Paratía. Amadeo Landaeta Basadre. -- El ultimo de los Huarancca. Carlos Valer Portocarrero. -- La planchadora. Mario Alberto Gilt Contreras. -- El seudónimo. Cuadros y Villena. -- El ultimo Likichiri y la leyenda de la taruka. Mario Franco Inojoza. -- Asiru Patjjata leyenda Aymara. Alberto Cuentas. -- Saantia la hija de Huiracocha. José Portugal. -- Las aves que engañaron a Dios. Efraín Morote Best. -- El novenante. Lizandro Luna. -- Horizontes roturados. Eustaquio Kallata. -- Los cuatreros. Héctor Cano Torres. -- Perú Suyoq Qollanan Himno nacional. -- Salutación al libertador Simón Bolívar. José Domingo Choquehuanca. -- La agonía de los cristales poesía. Arturo Castro. -- Escuela de labriegos y ángeles poemas para el hombre, otro vivir, de una teoría sobre los ángeles. Gustavo Pérez Ocampo. -- 5 poemas. Dante Nava. -- La phasña Julicha. Aurelio Martínez Escobar. -- Nostalgia y otras poesías. Julio Enríquez Torres. -- Poema de la madre muerta. Alberto Cuentas. -- Ideólogo de la peruanidad Francisco García Calderón. Luis Felipe Paredes. -- A propósito de la Antología de las letras puneñas. Fernando Manrique. -- Pintura contemporánea cuzqueña. Mariano Fuentes Lira. Rigoberto Villaroel Claure. -- Valores musicales del Cuzco Baltazar Zegarra. Ernesto Corvacho. -- La ciudad y el campo el problema indígena. Héctor Isaías Loayza Guerra. -- Linguistica nacional sobre el alfabeto Qheswa. J.M.B. Farfán. -- Academia de las lenguas nativas. Fernando Manrique. -- Notículas incubadora de generaciones cuasi julepe. E. Kallata. -- El arte en el imperio de los Incas por Heinrich Ubbelohde Doering. Manuel Chávez Ballón. -- Pequeños ensayos por Luis Felipe Paredes. Carlos Gregorio Taborga. -- Página Musical. Recuerdos del Cuzco música de Baltazar Zegarra y letra de Luis Nieto.
650 _aTradiciones cusqueñas
_931110
650 _aFiestas populares
_934730
650 _aFolcklore
_946108
650 _aLiteratura cusqueña
_946110
650 _aPoetas cusqueños
_95956
650 _aArte cusqueño
_913165
650 _aQorikancha
_930993
700 _aGutiérrez Loayza, Julio
_946116
700 _aEscobar Moscoso, Mario
_931091
700 _aChávez Ballón, Manuel
_945977
700 _aPérez Ocampo, Gustavo
_946123
700 _aVillanueva Urtega, Horacio
_946125
700 _aYépez Miranda, Alfredo
_94230
700 _aLandaeta Basadre, Amadeo
_946126
700 _aMorote Best, Efraín
_946127
942 _2ddc
_cPP
945 _arac